[Event "NED-ch U20 op"]
[Site "Borne"]
[Date "2019.08.09"]
[Round "7"]
[White "Akulova, Alicia"]
[Black "Vitharana, Annelies"]
[Result "0-1"]
[WhiteElo "1702"]
[BlackElo "1768"]
[PlyCount "132"]
[EventDate "2019.08.05"]
[EventType "swiss"]
[EventRounds "9"]
[EventCountry "NED"]
[SourceTitle "CBM 191 Extra"]
[Source "ChessBase"]
[SourceDate "2019.09.30"]
[SourceVersion "1"]
[SourceVersionDate "2019.09.30"]
[SourceQuality "1"]

1. e4 c6 2. Nc3 d5 3. Nf3 dxe4 4. Nxe4 Bf5 5. Ng3 Bg6 6. h4 h6 7. Ne5 Qd6 8. d4 Nd7 9. Nxg6 Qxg6 10. Bd3 Qe6+ 11. Qe2 Qxe2+ 12. Nxe2 Ngf6 13. c3 e6 14. Bf4 Be7 15. 0-0-0 Nd5 16. Bd2 N7f6 17. h5 Rd8 18. f3 b5 19. Ng3 Bd6 20. Ne4 Bc7 21. Rh4 Kd7 22. Nc5+ Ke7 23. Ne4 Kd7 24. Nxf6+ Nxf6 25. g4 Rdg8 26. Rg1 Bd8 27. Rhh1 Nd5 28. f4 Bc7 29. Rf1 Ne7 30. Rf3 f6 31. Re1 Re8 32. b3 Bb6 33. Rh3 Rhf8 34. f5 exf5 35. gxf5 Nd5 36. Rg1 Re7 37. Rhg3 Rff7 38. R1g2 Bc7 39. Rf3 Kc8 40. Kc2 Bd6 41. Rg1 Rb7 42. Rb1 Rfe7 43. Rg1 Bh2 44. Rg2 Bd6 45. Rg1 Bh2 46. Ra1 Bd6 47. a4 a6 48. axb5 axb5 49. Ra6 Rb6 50. Rxb6 Nxb6 51. c4 bxc4 52. Bxc4 Nxc4 53. bxc4 Re4 54. Kd3 Rh4 55. d5 cxd5 56. cxd5 Rxh5 57. Kc4 Rh2 58. Be3 Rb2 59. Rf1 h5 60. Rg1 Bf8 61. Rh1 h4 62. Kc3 Rb5 63. Rxh4 Rxd5 64. Rh8 Rd8 65. Bb6 Bb4+ 66. Kxb4 Rxh8 0-1

[Event "NED-ch U20 op"]
[Site "Borne"]
[Date "2019.08.06"]
[Round "3"]
[White "Vitharana, Annelies"]
[Black "Merkon, Oseb"]
[Result "0-1"]
[WhiteElo "1768"]
[BlackElo "2013"]
[PlyCount "98"]
[EventDate "2019.08.05"]
[EventType "swiss"]
[EventRounds "9"]
[EventCountry "NED"]
[SourceTitle "CBM 191 Extra"]
[Source "ChessBase"]
[SourceDate "2019.09.30"]
[SourceVersion "1"]
[SourceVersionDate "2019.09.30"]
[SourceQuality "1"]

1. e4 c5 2. Nf3 Nc6 3. d4 cxd4 4. Nxd4 Nf6 5. Nc3 e5 6. Ndb5 d6 7. Bg5 a6 8. Na3 b5 9. Nd5 Be7 10. Nxe7 Nxe7 11. Bd3 h6 12. Bd2 Bb7 13. Qe2 d5 14. f3 0-0 15. c3 Ng6 16. g3 Qd6 17. 0-0-0 dxe4 18. fxe4 Qc6 19. Rhe1 Nd7 20. h4 Nc5 21. Bc2 Rac8 22. h5 Ne7 23. Kb1 Ne6 24. Bd3 Rfd8 25. Bc2 Rd7 26. Be3 Rcd8 27. Rxd7 Rxd7 28. Ka1 Nc5 29. Qg4 Qe6 30. Qf3 Qc6 31. Qg4 Rd6 32. Bc1 Nc8 33. Nb1 Nb6 34. Nd2 Nca4 35. Qf3 b4 36. Nb1 a5 37. g4 Nc5 38. g5 a4 39. cxb4 Ne6 40. Bd3 Nd4 41. Qe3 hxg5 42. Nc3 Nc4 43. Qg3 Nxb2 44. Bxb2 a3 45. Bxa3 Qxc3+ 46. Bb2 Nc2+ 47. Kb1 Qxe1+ 48. Qxe1 Nxe1 49. Be2 Rd2 0-1

[Event "Ghent Eastman op 41st"]
[Site "Ghent"]
[Date "2018.07.14"]
[Round "1"]
[White "Vitharana, Annelies"]
[Black "Muratet Casadevall, Albert"]
[Result "0-1"]
[WhiteElo "1769"]
[BlackElo "2148"]
[PlyCount "108"]
[EventDate "2018.07.14"]
[EventType "swiss"]
[EventRounds "9"]
[EventCountry "BEL"]
[SourceTitle "CBM 185 Extra"]
[Source "ChessBase"]
[SourceDate "2018.07.29"]
[SourceVersion "1"]
[SourceVersionDate "2018.07.29"]
[SourceQuality "1"]

1. e4 Nf6 2. e5 Nd5 3. c4 Nb6 4. d4 d6 5. Nf3 Bg4 6. exd6 cxd6 7. Nc3 g6 8. Be3 Bg7 9. Be2 0-0 10. h3 Bxf3 11. Bxf3 Nc6 12. b3 e6 13. Rc1 d5 14. c5 Nc8 15. 0-0 Qf6 16. Ne2 h6 17. Qd2 Kh7 18. b4 a6 19. a4 N8e7 20. b5 axb5 21. axb5 Na5 22. Qb4 Nf5 23. Rc3 Qe7 24. Rb1 Nc4 25. Rd3 Qc7 26. Bf4 Qa5 27. Qxa5 Rxa5 28. Bd2 Nxd2 29. Rxd2 Ra4 30. Rbd1 Rb4 31. b6 Ne7 32. Rd3 Nc6 33. g3 Ra8 34. Bg2 Raa4 35. Bf1 Bxd4 36. Nxd4 Nxd4 37. Rc3 Nc6 38. Rcc1 Ra5 39. Re1 Kg7 40. Re3 Kf6 41. Rf3+ Ke7 42. Rf4 Rxf4 43. gxf4 Kd7 44. f3 Nd4 45. Kf2 Kc6 46. Ke3 Nf5+ 47. Kd2 Rxc5 48. Rb1 Nd6 49. Ke3 Nc4+ 50. Bxc4 Rxc4 51. h4 h5 52. Rb2 Kc5 53. Rb1 Rb4 54. Rxb4 Kxb4 0-1

[Event "BEL-ch U16 Girls"]
[Site "Blankenberge"]
[Date "2017.04.11"]
[Round "4"]
[White "Vitharana, Annelies"]
[Black "Claeys, Elisabeth"]
[Result "1-0"]
[WhiteElo "1748"]
[BlackElo "1397"]
[PlyCount "73"]
[EventDate "2017.04.09"]
[EventType "swiss"]
[EventRounds "9"]
[EventCountry "BEL"]
[SourceTitle "CBM 178 Extra"]
[Source "ChessBase"]
[SourceDate "2017.06.22"]
[SourceVersion "1"]
[SourceVersionDate "2017.06.22"]
[SourceQuality "1"]

1. e4 c5 2. Nc3 Nc6 3. f4 e6 4. Nf3 d6 5. Bb5 Bd7 6. 0-0 Nf6 7. d3 Be7 8. Qe1 0-0 9. e5 Nd5 10. Bxc6 Bxc6 11. Ne4 Nb4 12. Qf2 dxe5 13. fxe5 Bxe4 14. dxe4 b6 15. a3 Nc6 16. Qg3 Kh8 17. Be3 Qc7 18. Rf2 f6 19. Qg4 Nxe5 20. Qxe6 Nxf3+ 21. Rxf3 Bd6 22. Rh3 Be5 23. Qf5 g6 24. Qxg6 Bxh2+ 25. Kh1 Be5 26. Rd1 Bxb2 27. Qf5 Rad8 28. Rf1 Be5 29. g4 Qg7 30. Bh6 Qf7 31. Bxf8 Rxf8 32. Rd1 Qg8 33. g5 Bd4 34. g6 Kg7 35. gxh7 Qh8 36. Rg3+ Kf7 37. Qd7# 1-0

[Event "BEL-ch U14 Girls"]
[Site "Blankenberge"]
[Date "2015.04.15"]
[Round "5"]
[White "Vitharana, Annelies"]
[Black "Claeys, Elisabeth"]
[Result "1-0"]
[WhiteElo "1454"]
[BlackElo "1205"]
[PlyCount "87"]
[EventDate "2015.04.12"]
[EventType "swiss"]
[EventRounds "9"]
[EventCountry "BEL"]
[SourceTitle "CBM 166 Extra"]
[Source "ChessBase"]
[SourceDate "2015.06.18"]
[SourceVersion "1"]
[SourceVersionDate "2015.06.18"]
[SourceQuality "1"]

1. e4 e5 2. Nf3 Nc6 3. d4 exd4 4. Nxd4 Nxd4 5. Qxd4 d6 6. Bc4 Nf6 7. 0-0 Be7 8. h3 0-0 9. Be3 Re8 10. Nd2 Be6 11. Bb5 c6 12. Be2 d5 13. e5 Nd7 14. f4 f6 15. Nf3 Rf8 16. b4 c5 17. Qd2 cxb4 18. Nd4 Bf7 19. e6 Be8 20. exd7 Bxd7 21. Bf3 Qa5 22. Nb3 Qb5 23. Qxd5+ Qxd5 24. Bxd5+ Kh8 25. Bxb7 Rab8 26. Be4 a6 27. Nc5 Bxc5 28. Bxc5 Rfe8 29. Bd3 a5 30. c3 bxc3 31. Rfc1 Rbc8 32. Rxc3 Re3 33. Rac1 Ree8 34. Bb6 Ra8 35. Ra3 a4 36. Rc7 Red8 37. Rb7 Rdb8 38. Rxd7 Rxb6 39. Rxa4 Re8 40. Raa7 Rbb8 41. Rxg7 Ra8 42. Rxh7+ Kg8 43. Bc4+ Kf8 44. Rh8# 1-0

[Event "BEL-ch U14 Girls"]
[Site "Blankenberge"]
[Date "2015.04.14"]
[Round "4"]
[White "Akulova, Alicia"]
[Black "Vitharana, Annelies"]
[Result "1-0"]
[WhiteElo "1503"]
[BlackElo "1454"]
[PlyCount "51"]
[EventDate "2015.04.12"]
[EventType "swiss"]
[EventRounds "9"]
[EventCountry "BEL"]
[SourceTitle "CBM 166 Extra"]
[Source "ChessBase"]
[SourceDate "2015.06.18"]
[SourceVersion "1"]
[SourceVersionDate "2015.06.18"]
[SourceQuality "1"]

1. e4 d6 2. d4 Nf6 3. Nc3 g6 4. Nf3 Bg7 5. Bc4 0-0 6. Qe2 Nbd7 7. e5 Ng4 8. Bg5 dxe5 9. Rd1 e4 10. Nxe4 Ngf6 11. Ne5 Nxe4 12. Qxe4 Nf6 13. Qh4 Qe8 14. 0-0 Bd7 15. Rfe1 Bb5 16. Bb3 a5 17. c4 Ba4 18. Ng4 Bxb3 19. axb3 Qd8 20. Nxf6+ Bxf6 21. Rxe7 Bxg5 22. Qxg5 f6 23. Qe3 Re8 24. Qe6+ Kh8 25. Qxf6+ Kg8 26. Qg7# 1-0

[Event "EU-ch U12 Girls 24th"]
[Site "Batumi"]
[Date "2014.10.26"]
[Round "7"]
[White "Vitharana, Annelies"]
[Black "Beglaryan, Karine"]
[Result "1-0"]
[WhiteElo "1422"]
[BlackElo "1321"]
[PlyCount "46"]
[EventDate "2014.10.19"]
[EventType "swiss"]
[EventRounds "9"]
[EventCountry "GEO"]
[SourceTitle "EXT 2016"]
[Source "ChessBase"]
[SourceDate "2015.10.08"]
[SourceVersion "1"]
[SourceVersionDate "2015.10.08"]
[SourceQuality "1"]

1. e4 e5 2. Nf3 Nc6 3. Bc4 Nf6 4. Nc3 Nxe4 5. Nxe4 d5 6. Bd3 dxe4 7. Bxe4 Bd7 8. 0-0 Bd6 9. d4 exd4 10. Bxc6 bxc6 11. Re1+ Kf8 12. Qxd4 Qf6 13. Qxf6 gxf6 14. Bh6+ Kg8 15. Rad1 Rd8 16. c4 Be6 17. c5 Be7 18. Rxd8+ Bxd8 19. Nd4 f5 20. Nxc6 Bf6 21. g4 Bg7 22. Bxg7 Kxg7 23. Nxa7 Kf6 1-0

[Event "EU-ch U12 Girls 24th"]
[Site "Batumi"]
[Date "2014.10.22"]
[Round "4"]
[White "Olde, Grete"]
[Black "Vitharana, Annelies"]
[Result "1-0"]
[WhiteElo "1643"]
[BlackElo "1422"]
[PlyCount "101"]
[EventDate "2014.10.19"]
[EventType "swiss"]
[EventRounds "9"]
[EventCountry "GEO"]
[SourceTitle "EXT 2016"]
[Source "ChessBase"]
[SourceDate "2015.10.08"]
[SourceVersion "1"]
[SourceVersionDate "2015.10.08"]
[SourceQuality "1"]

1. e4 e5 2. Nf3 Nc6 3. Bb5 Bc5 4. d3 d6 5. 0-0 a6 6. Ba4 b5 7. Bb3 Na5 8. Nbd2 Bg4 9. h3 Bh5 10. Re1 Ne7 11. Nf1 Nxb3 12. axb3 0-0 13. Ng3 Bg6 14. c3 f6 15. b4 Ba7 16. Be3 Bxe3 17. fxe3 Qe8 18. d4 Qf7 19. Rf1 Rfd8 20. Qe1 Nc6 21. Rd1 Qe8 22. Nf5 a5 23. bxa5 Nxa5 24. N3h4 Bh5 25. Ra1 Nc4 26. Qg3 Qd7 27. Rxa8 Rxa8 28. Qf2 Ra2 29. Rb1 c5 30. g4 Bg6 31. Nxg6 hxg6 32. Nh4 g5 33. Nf5 g6 34. Ng3 Kg7 35. Nf1 Qb7 36. Qc2 Na3 37. Qb3 Nxb1 38. Qxa2 Qxe4 39. Qa7+ Kf8 40. dxc5 dxc5 41. Qxc5+ Kf7 42. Qxb5 f5 43. Qd7+ Kf8 44. Qd8+ Kf7 45. Qxg5 Qc2 46. gxf5 gxf5 47. Qg2 Qb3 48. h4 f4 49. Qf2 Qe6 50. exf4 exf4 51. Qxf4+ 1-0

[Event "NED-ch U12 op"]
[Site "Borne"]
[Date "2013.08.09"]
[Round "10"]
[White "Geene, Ilse"]
[Black "Vitharana, Annelies"]
[Result "1/2-1/2"]
[WhiteElo "985"]
[BlackElo "1213"]
[PlyCount "50"]
[EventDate "2013.08.05"]
[EventType "swiss"]
[EventRounds "13"]
[EventCountry "NED"]
[SourceTitle "EXT 2015"]
[Source "ChessBase"]
[SourceDate "2014.11.20"]
[SourceVersion "1"]
[SourceVersionDate "2014.11.20"]
[SourceQuality "1"]

1. e4 e5 2. Nf3 Nc6 3. Bc4 Bc5 4. c3 Bb6 5. d4 exd4 6. cxd4 Nge7 7. Nc3 0-0 8. Bg5 d6 9. h3 Kh8 10. 0-0 f6 11. Be3 Ng6 12. Bb5 Bd7 13. Qd2 Qe7 14. Rad1 Rad8 15. Qe2 Rfe8 16. d5 Nce5 17. Nxe5 Nxe5 18. Bxb6 axb6 19. f4 Bxb5 20. Nxb5 Nf7 21. Nc3 Nh6 22. Rde1 Nf7 23. Rf3 Nh6 24. Re3 Nf7 25. Nb5 c5 1/2-1/2

[Event "NED-ch U12 op"]
[Site "Borne"]
[Date "2013.08.07"]
[Round "6"]
[White "Dharmoputro, Griffin"]
[Black "Vitharana, Annelies"]
[Result "1-0"]
[WhiteElo "793"]
[BlackElo "1213"]
[PlyCount "121"]
[EventDate "2013.08.05"]
[EventType "swiss"]
[EventRounds "13"]
[EventCountry "NED"]
[SourceTitle "EXT 2015"]
[Source "ChessBase"]
[SourceDate "2014.11.20"]
[SourceVersion "1"]
[SourceVersionDate "2014.11.20"]
[SourceQuality "1"]

1. e4 e5 2. Nf3 Nc6 3. Bc4 Bc5 4. c3 Bb6 5. d4 exd4 6. cxd4 Nge7 7. Nc3 h6 8. 0-0 0-0 9. Be3 d6 10. h3 Kh8 11. Qd2 f5 12. Bxh6 Qe8 13. Qg5 Qg6 14. Nh4 Qxh6 15. Qxh6+ gxh6 16. exf5 Bxf5 17. d5 Ne5 18. Rae1 N7g6 19. Nxf5 Nxc4 20. Ne7 Nxe7 21. Rxe7 Rae8 22. Rxe8 Rxe8 23. b3 Ne5 24. Kh2 Nd3 25. Kg3 Rg8+ 26. Kf3 Rf8+ 27. Kg3 Rxf2 28. Rxf2 Bxf2+ 29. Kg4 Ne5+ 30. Kf5 c6 31. Ke6 Bc5 32. a4 a6 33. Ne4 Bb4 34. Nxd6 Bxd6 35. Kxd6 Nf7+ 36. Kc5 cxd5 37. Kxd5 Kg7 38. Kc5 Kg6 39. Kb6 Kg5 40. Kxb7 Kf4 41. Kxa6 Nd8 42. b4 Nc6 43. b5 Nb8+ 44. Ka7 Nd7 45. b6 Ke5 46. a5 Kd6 47. b7 Kc6 48. b8Q Nxb8 49. Kxb8 Kb5 50. Kc7 Kxa5 51. Kd6 Kb5 52. g4 Kc4 53. Ke5 Kc5 54. Kf6 Kd6 55. Kg6 Ke7 56. Kxh6 Kf7 57. g5 Kg8 58. g6 Kh8 59. g7+ Kg8 60. h4 Kf7 61. Kh7 1-0

[Event "NED-ch U12 op"]
[Site "Borne"]
[Date "2013.08.07"]
[Round "7"]
[White "Vitharana, Annelies"]
[Black "Martinez, Anna"]
[Result "1-0"]
[WhiteElo "1213"]
[BlackElo "708"]
[PlyCount "49"]
[EventDate "2013.08.05"]
[EventType "swiss"]
[EventRounds "13"]
[EventCountry "NED"]
[SourceTitle "EXT 2015"]
[Source "ChessBase"]
[SourceDate "2014.11.20"]
[SourceVersion "1"]
[SourceVersionDate "2014.11.20"]
[SourceQuality "1"]

1. e4 c5 2. Nf3 Nc6 3. c3 Nf6 4. e5 Nd5 5. d4 cxd4 6. cxd4 g6 7. Nc3 Nxc3 8. bxc3 Bg7 9. Bb5 0-0 10. 0-0 b6 11. Bf4 Bb7 12. Qd2 Re8 13. Rfe1 d6 14. exd6 exd6 15. Rxe8+ Qxe8 16. d5 Rc8 17. dxc6 Ba8 18. Re1 Qd8 19. Qxd6 Qxd6 20. Bxd6 Bxc6 21. Bxc6 Rxc6 22. Re8+ Bf8 23. Bxf8 h5 24. Ng5 Rxc3 25. Bh6# 1-0

[Event "NED-ch U12 op"]
[Site "Borne"]
[Date "2013.08.05"]
[Round "1"]
[White "Vitharana, Annelies"]
[Black "Bahadoer, Meri"]
[Result "1-0"]
[WhiteElo "1213"]
[BlackElo "730"]
[PlyCount "103"]
[EventDate "2013.08.05"]
[EventType "swiss"]
[EventRounds "13"]
[EventCountry "NED"]
[SourceTitle "EXT 2015"]
[Source "ChessBase"]
[SourceDate "2014.11.20"]
[SourceVersion "1"]
[SourceVersionDate "2014.11.20"]
[SourceQuality "1"]

1. e4 e5 2. Nf3 Nc6 3. Bc4 Nf6 4. Nc3 Bc5 5. 0-0 0-0 6. d3 h6 7. Be3 Bd4 8. Qd2 Bxe3 9. fxe3 d6 10. h3 Na5 11. Bb3 Nxb3 12. axb3 c6 13. d4 exd4 14. exd4 d5 15. e5 Ne4 16. Qe3 Nxc3 17. Qxc3 Qe8 18. Qe3 b6 19. c4 Qd8 20. Rac1 Bf5 21. Qe2 Be4 22. b4 Rc8 23. c5 b5 24. Ra1 Qc7 25. Nd2 Bg6 26. Nb3 Rfe8 27. Qg4 a6 28. Rxa6 Ra8 29. Rxa8 Rxa8 30. Na5 Ra6 31. e6 h5 32. exf7+ Bxf7 33. Rxf7 Qxf7 34. Qc8+ Kh7 35. Qxa6 Qe8 36. Kf2 Qf7+ 37. Ke2 Qe6+ 38. Kd2 Qh6+ 39. Kd1 Qf6 40. Nxc6 Qf1+ 41. Kc2 Qe2+ 42. Kb1 Qd3+ 43. Ka1 Qc4 44. Qa2 Qxa2+ 45. Kxa2 Kg6 46. Ne7+ Kf7 47. Nxd5 Ke6 48. Nc7+ Kd7 49. Nxb5 Kc6 50. Nc3 g6 51. b5+ Kc7 52. d5 1-0